00528 2200193 4500001002100000008004100021035002000062245007700082100001200159250002000171260004900191300002100240020002200261024000800283084001400291082000800305650001200313990000900325INLIS000000000002068 ind  a0010-0425002068 aThe Diary of Ari IrhambIt's Not Just a Dream, It's a Real LifecTisa TS aTisa TS aCetakan pertama aJakarta :bPT Cahaya Duabelas Semesta,c2016 a169 hlm.c19 cm. a978-602-6922-51-9 a920 a920 TIS t a920 aTisa TS a5730